000 00498nam a2200181Ia 4500
005 20250508154705.0
008 008 250505s9999 xx 000 0 eng d
037 _aTextual
040 _aFEDL
_beng
_cFEDL
041 _aeng
_2eng
084 _a371.1, SHA
_qFEDL
100 _aShaplin Judson T Ed.
_9764919
245 0 _aTeam teaching
260 _aNew York, USA
_bHarper and Row Publisher
_c1964
300 _axv,430p.
942 _cTEXL
_h371.1, SHA
999 _c1351618
_d1351618